Ambiciones imperiales : el mundo después del 11 - S Entrevistas inéditas con David Barsamian /

Guardado en:
Autor Principal: Chomsky, Noam
Otros Autores: Beslaustegui, Inés, (trad.)
Formato: Libro
Idioma:Spanish
Publicado: Barcelona, Península 2006 :
Edición:1a. ed.
Materias:
Etiquetas: Agregar Etiqueta
Sin Etiquetas, Sea el primero en etiquetar este registro!
LEADER 00680nam a22002055a 4500
001 DER.der002106
008 180615s2006####ag#||||||||||||||#||spa||
005 20260209143709.0
245 1 0 |a Ambiciones imperiales :  |b el mundo después del 11 - S Entrevistas inéditas con David Barsamian /  |c Noam Chomsky. 
250 |a 1a. ed. 
260 |a Barcelona,  |c 2006 :  |b Península 
300 |a 205 p. 
500 |a Inventario 5653-B 
020 |a 8483077353 
100 1 |a Chomsky, Noam 
700 1 |a Beslaustegui, Inés,  |e trad. 
600 1 4 |a Barsamian, David 
653 |a ENTREVISTAS 
859 |a DERECHO  |b BIB. DERECHO  |h 341.758  |i CHO  |k 12  |p 004222 
859 |a DERECHO  |b BIB. DERECHO  |h 341.758  |i CHO  |p 004223  |t 1